| 000 | 00638nam a2200217 u 4500 | ||
|---|---|---|---|
| 005 | 20250701063842.0 | ||
| 008 | 170118s2008 r 000 0 eng d | ||
| 020 | _a9789875507074 | ||
| 035 | _aUPN01000215336 | ||
| 049 | _aI | ||
| 050 | 4 |
_aGB662.3 _bC3.2 |
|
| 100 | 1 |
_aCalifa, Oche, _d1955- _933611 |
|
| 245 | 1 | 3 |
_aEl agua : _b¿qué haríamos sin ella?/ _cOche Califa ; il. Fernando Calvi. |
| 260 |
_aBuenos Aires : _bLongseller, _c2008. |
||
| 300 |
_a95 p. : _bil. |
||
| 440 | 0 | _aCómic cultural | |
| 650 | 4 |
_aAGUA - _vLITERATURA INFANTIL _922057 |
|
| 650 | 2 |
_aAgua _xConservación _91024 |
|
| 905 | _aInfantil | ||
| 999 |
_c187436 _d187436 |
||